Geography Quiz

Random Geography or Flags Quiz
Score 0/14 Timer 03:00
0 Plays Today
% Correct
New Zealand
95.5%
Papua New Guinea
91.3%
Australia
87.3%
Nauru
79%
Samoa
78.4%
Republic of the Marshall Islands
74.2%
Palau
71.6%
% Correct
Micronesia
69.3%
Solomon Islands
67.9%
Kiribati
65.8%
Vanuatu
63.4%
Tonga
62.8%
Fiji
60.9%
Tuvalu
53.4%
Remove Ads.
Support Sporcle.
Get the best of Sporcle when you Go Orange. This ad-free experience offers more features, more stats, and more fun while also helping to support Sporcle. Thank you for becoming a member.

You're not logged in!

Compare scores with friends on all Sporcle quizzes.
OR
Log In

Show Comments

Extras

Top Quizzes Today


Score Distribution

Your Account Isn't Verified!

In order to create a playlist on Sporcle, you need to verify the email address you used during registration. Go to your Sporcle Settings to finish the process.

Report this User

Report this user for behavior that violates our Community Guidelines.

Details: